000 00835nam a2200229Ia 4500
001 L922-42014
003 IT-CnALBA
008 170116s9999||||xx |||||||||||||| ||und||
040 _aIT-CnALBA
_cIT-CnALBA
041 _aITALIANO
100 _aCECCHI EMILIO, LETTERATO, CRITICO
245 0 _aEMILY DICKINSON.
250 _a1a ed.
260 _a BRESCIA
_bMORCELLIANA EDITRICE
_c1939 [1° Ed.:1939 - Ed.Ling.Originale: 1939]
300 _a152 p.
500 _aAMBIENTE FAMILIARE. BIOGRAFIA. AMBIENTE LETTERARIO. LA POESIA. GIUDIZI.
501 _aSocietà San Paolo EM - Piazza San Paolo, 14 - 12051 ALBA (CN) (non commercial uses only) ® Copyright 2017
520 _aAMBIENTE FAMILIARE. BIOGRAFIA. AMBIENTE LETTERARIO. LA POESIA. GIUDIZI.
650 _aBIOGRAFIE, UOMINI ILLUSTRI
942 _cBK
957 _71
999 _a47243
_bSI
_g Copie: 1
_c300982
_d300982